000 00268nam a22001217a 4500
008 181206b xxu||||| |||| 00| 0 eng d
041 _aeng
080 _a710
100 _a45
101 _aART
245 _aThe American Choice Art
_cWilliams.S.L
942 _2udc
_cBK
999 _c52944
_d52944